Quizzes
Events
Quiz Creation
Community
Videos
Private Events
Remove Ads
Sign In
Join for FREE
Feedback
Dark Mode
Quiz Categories
Sports
Geography
Music
Movies
Television
Just For Fun
Miscellaneous
History
Literature
Language
Science
Gaming
Entertainment
Religion
Holiday
For Kids
Quiz Lab
Recent
Popular Today
Quiz Kudos Today
Editor Picks
Curator Picks
Quizzes by...
Day
Popularity
Type
Ratings
Length
Year
Community
Subscriptions
Recent Discussions
Orange Saloon
Badges
Playlists
Quests
Create
Leaderboards
Showdown
Live 5
Trivia Bingo
Activity
Puzzle Library
Sporcle Events
Private Events
Virtual Trivia
Globe League
Become a Host
Pub Owners
SporcleCon
Opinionation
Our Games
Videos
Blog
Mobile Apps
Partnerships
Remove Ads and Go Orange
Feedback
Television
TV Characters
TV Show
Sitcom
Network
Friends
Reality Shows
Cast
South Park
Star Trek
The Simpsons
Doctor Who
Television
TV Characters
TV Show
Sitcom
Network
Friends
Reality Shows
Cast
South Park
Star Trek
The Simpsons
Doctor Who
Random Quiz
Search Sporcle
×
Quiz Lab
Quiz Lab
Television
Quote
Type in answers that appear in a list
Type in answers that appear in a list
Classic
Best Score? Go Orange.
Finish the quote: Boy Meets World Stats
Can you name the Finish the quote: Boy Meets World?
By
piford
10m
20 Questions
1,970 Plays
1,970 Plays
1,970 Plays
Comments
Comments
Give Quiz Kudos
Give Quiz Kudos
-
- Ratings
hide this ad
Random Order
Randomize order of answers
Randomize order of answers
Replay
Link that replays current quiz
Next Quiz
Link to next quiz in quiz playlist
You Got
0%
They Got
Avg Score
31%
Avg Friend Score
Upgrade to see
Score Distribution
Jump to the score distribution portion of the page
Score
0/20
Timer
10:00
0
Plays Today
Quote
Words
% Correct
''Lose one friend, lose all friends, _
_
_
_
_
_
_
_
_
_
_
_
''
lose yourself
71.8%
'' Believe in yourself, dream, try, do _
_
_
_
.'
good
65.3%
''Blood means your related, it doesn't mean you're _
_
_
_
_
_
.'
family
59.7%
''As some famous guy once said 'Let there be _
_
_
_
_
_
_
.' ''
light
59.3%
''My dad's a grocer. I'm a grocer's son. I'm a _
_
_
-
_
_
-
_
-
_
_
_
_
_
_
.''
son-of-a-grocer
51.8%
''What if he's just like Feeny, only... _
_
_
_
_
_
_
_
?''
Feenier
37.6%
''Money doesn’t make you rich. _
_
_
_
_
_
_
_
.''
Life does.
36.7%
''If stupidity were in the Olympics, you'd win a _
_
_
_
_
_
_
_
_
_
_
_
_
''
Nobel Prize
31.3%
''Gotta love Halloween. It really brings _
_
_
_
_
_
_
_
_
_
_
_
_
_
_
.''
people together
30.2%
''Cory and Topanga sitting in a tree. _
_
_
_
_
_
_
!
A B C D E F G
30.1%
Quote
Words
% Correct
''There's blood on the black board, Shawn. I don't think it's because he _
_
_
_
_
_
_
_
_
_
_
_
_
_
_
_
!
ran out of chalk
28.6%
''How about I hit you so hard you’re back in _
_
_
_
_
_
_
_
_
_
_
_
_
_
_
?''
high school
21%
''If pushed, I’d say you’re just slightly less dangerous than _
_
_
_
_
_
_
_
_
-
_
''
Lime Jell-O
20.3%
''And when you love somebody enough it’s okay to be a _
_
_
_
_
_
_
_
_
_
_
_
_
.''
little selfish
19.2%
''Oh... Mr. Feeny, you didn't finish your sentence. _
.... _
_
_
_
_
_
?''
A what
18.8%
''He says one thing and does another. He’s a _
_
_
_
_
_
_
_
_
_
_
_
.''
hypochondriac
17.7%
''Shawn's poor. _
_
_
_
_
_
_
_
_
_
_
_
.''
Ha ha
16.4%
''Life's tough, get _
_
_
_
_
_
_
''
a helmat
13.6%
''I’m not fat. I’m _
_
_
_
_
_
_
_
_
_
_
.''
festively plump
6.2%
''In the play of life all your great scenes _
_
_
_
_
_
_
_
_
_
_
_
_
.''
lay ahead of you
4%
Quiz Playlist
Details
Report
Send in Message
Add To Playlist
Classic:
Type in answers that appear in a list
Random Order:
Randomize order of answers
Last Updated: Sep 21, 2018
Quiz Scoreboard
CHALLENGE
Sign Up to Join the Scoreboard
Show All
Scores
Hide
Comments
May contain spoilers
Recently Published
An Introduction to Baseball
by treessimontrees
Sports
5m
Movies - When Are They Set?
by FPL_Elf
Movies
5m
Popular People in 1961
by mucciniale
History
6m
More to Explore
Quiz From the Vault
Featured Blog Post
Where Did the Easter Bunny Come From?
hide this ad
You Might Also Like...
Tags
Quote Quiz
World Quiz
Boy
Boy Meets World
finish
meet
Person
Today's Top Quizzes in Television
Browse Television
hide this ad
Today's Top Quizzes in Quote
Browse Quote
Top Contributed Quizzes in Television
1
One Piece Logic Puzzle
2
Survivor Logic Puzzle: Heroes vs. Villains
3
Survivor Seasons
4
Survivor Season by Logo
5
5-to-1: The Simpsons Families
6
Survivor Trivia
7
One Thing in Common: Television
8
Who Wants to Be a Millionaire?
9
Survivor Logic Puzzle: Winners at War
10
Ultimate Survivor Logic Puzzle
Explore More
Trending Topics
Harry Potter
Kpop
Disney
Crossword
NBA
Anime
Marvel
Soccer
NFL
Country
WWE
Puzzle
The Office
Song
Pokémon
hide this ad
More By:
piford
Quiz
Plays
Rating
Category
Featured
Created
Harry Potter Character (Hot/Cold)
20,943
1.69
Movies
Jan 21, 2011
Harry Potter Character By Lego
11,977
3.47
Entertainment
Aug 20, 2010
Finish the quote: Boy Meets World
1,970
2.67
Television
Jan 24, 2011
Cartoon network show by Antonym
1,237
1.70
Television
Mar 15, 2010
World Geo Quiz
974
2.04
Geography
May 6, 2010
Go to Creator's Profile
Score Distribution
Quiz Creator Spotlight
piford
Follow
Send a Message
Quizzes Created
-
Created Quiz Play Count
-
More By This Creator
Popular Quizzes Today
1
Find the Countries of Europe - No Outlines Minefield
2
Find the US States - No Outlines Minefield
3
The Countries of the World
4
Popular People in 1961
5
US States
6
1-10 Letter E Words III
7
Find the US States
8
Risky Map Clicking: Biggest States A-Z
More Television Quizzes
Spongebob Pilot Characters Minefield
Curator's Pick
Trending Quizzes
Risky Map Clicking: Least Populous States A-Z
1-10 Letter F Words
1-10 Letter G Words
One Thing in Common: United Kingdom
Risky Map Clicking: Next State Alphabetically
Recently Updated
Leaping Animals
pecheneg
Reality TV Shows (A-Z)
bhenderson79
Rickey Henderson's Hall of Fame Teammates
pecheneg
Champions League XIs: Arsenal
pecheneg
Quick Pick: Celebrities in WWE's Hall of Fame
aduchscher
A-Z Keypad Blitz II
pecheneg
Multiple Oscar Actors
pecheneg
Mystery Phrase Blitz: Oscar 'Best Actors'
pecheneg
F. Scott Fitzgerald Novels
LTH
Pick 3 Villains
ddd62291
Trending Topics
NBA
Anime
Kpop
Disney
Harry Potter
Marvel
Crossword
Puzzle
Country
Soccer
NFL
The Office
WWE
Pokémon
Song
Your Account Isn't Verified!
In order to create a playlist on Sporcle, you need to verify the email address you used during registration. Go to your
Sporcle Settings
to finish the process.
Report this User
Report this user for behavior that violates our
Community Guidelines
.
Details:
Send Report
Go to the Sporcle.com Mobile Site →
Comments